<The> Effect of foreign direct investment on the pattern of trade is investment a substitute for trade?

Salvato in:
Dettagli Bibliografici
Autore principale: Hamada, Koichi
Natura: Libro
Lingua:inglese
Pubblicazione: New Haven Yale University Press 1998
Serie:Center Paper No. 520
Soggetti:
Tags: Aggiungi Tag
Nessun Tag, puoi essere il primo ad aggiungerne!!

MARC

LEADER 00000nam a2200000 4500
001 c109869
005 20221221082148.4
041 0 |a eng 
044 |a US 
245 1 0 |a <The> Effect of foreign direct investment on the pattern of trade  |b is investment a substitute for trade?  |c Koichi Hamada 
264 1 |a New Haven  |b Yale University Press  |c 1998 
300 |a 17 s. 
490 1 |a Center Paper  |v No. 520 
830 0 |a Center Paper  |v No. 520 
610 2 0 |a investície priame zahraničné 
610 2 0 |a obchod medzinárodný 
610 2 0 |a Japonsko 
610 2 0 |a USA 
100 1 |a Hamada, Koichi